| 000 | 00000nam##2200000za#4500 |
| 001 | 9.641858 |
| 003 | CaOODSP |
| 005 | 20210624223423 |
| 007 | cr ||||||||||| |
| 008 | 150407|2000||||xxc|||||o f|0| 0 fre|d |
| 040 | |aCaOODSP|bfre |
| 043 | |an-cn--- |
| 086 | 1 |aRH64-51/2000F-PDF |
| 110 | 1 |aCanada.|bDéveloppement des ressources humaines Canada. |bPolitique stratégique. |
| 245 | 10|aLes répercussions de l'AE sur les personnes qui travaillent moins de 15 heures par semaine : |h[ressource électronique]|brapport final / |cpar Arthur Sweetman. |
| 260 | |aOttawa - Ontario : |bDéveloppement des ressources humaines Canada. |cNovembre 2000. |
| 300 | |a76p.|bfigures, tableaux |
| 504 | |aBibliographie. |
| 590 | |a13-12-Supp|b2013-05-10 |
| 691 | 07|aAssurance-emploi|2gcpds |
| 775 | 08|tThe impact of EI on those working less than 15 hours per week : |w(CaOODSP)9.697852 |
| 856 | 40|ahttp://publications.gc.ca|qPDF|s335 Ko|uhttps://publications.gc.ca/collections/collection_2013/rhdcc-hrsdc/RH64-51-2000-fra.pdf |
| 986 | |aSP-AH137-11-00F |